000 00372nam a2200157Ia 4500
001 385
003 NUMERAZIONE-ORIGINALE-BRESCIA
005 20260206230753.0
008 260206s9999 xx 000 0 und d
100 _aBaldaro Verde Jole
245 0 _aGli specchi dell'eros maschile
260 _aMilano
260 _bCortina
260 _c2005
942 _2ddc
_cBK
_n0
999 _c24246
_d24246